Čo ste chceli vedieť o rode a nemali ste sa koho opýtať príručka pre rozvojovú prax

Saved in:
Bibliographic Details
Main Author: Ondeková, Marcela
Other Authors: Očenášová, Zuzana
Format: Book
Language:Slovak
Published: Bratislava Nadácia Pontis 2012
Subjects:
Tags: Add Tag
No Tags, Be the first to tag this record!

MARC

LEADER 00000nam a2200000 4500
001 0182641
005 20221207093412.0
020 |a 978-80-968229-8-0 
041 0 |a slo 
044 |a SK 
245 1 0 |a Čo ste chceli vedieť o rode a nemali ste sa koho opýtať  |b príručka pre rozvojovú prax  |c Marcela Ondeková, Zuzana Očenášová 
264 1 |a Bratislava  |b Nadácia Pontis  |c 2012 
300 |a 178 s. 
610 2 0 |a rovnosť rodová 
610 2 0 |a ženy 
610 2 0 |a vzťahy genderové 
610 2 0 |a vzdelanie 
610 2 0 |a práca 
610 2 0 |a zdravie 
610 2 0 |a spravodlivosť 
610 2 0 |a zmeny klimatické 
610 2 0 |a šport 
100 1 |a Ondeková, Marcela 
700 1 |a Očenášová, Zuzana